000 00840cam7a220026500 4500
001 zam00002664
008 951128s1973 xx eng u
035 _a(Sirsi) r20014
035 _a(MACHINE)SLC.
100 1 _aDecalo, Samuel.
_6A23269.1
245 1 0 _aMilitary coups and military regimes in Africa.
260 _c1973.
949 _aDEC1-4MIL
_wlcc
_i-18269
_mMAIN
_tBOOK
_lON-SHELF
949 _aDEC1-4MIL
_wlcc
_mMAIN
_tBOOK
_lON-SHELF
949 _aDEC1-4MIL
_wlcc
_mMAIN
_tBOOK
_lON-SHELF
949 _aDEC1-4MIL
_wlcc
_mMAIN
_tBOOK
_lON-SHELF
004 20014
591 _aClass code: PL 110.
591 _aCourse: Introduction to government and politics.
591 _aSchool: S05.
591 _aLecturer: Dr. LAWSON, L.A.
591 _aNumber of Students: 170.
900 _2MAIN
_8DEC1-4MIL
_c4
909 _aReprint
999 _c169938
_d169938